| 000 | 00557cam a2200205ua 4500 | ||
|---|---|---|---|
| 001 | 11603 | ||
| 008 | 191011n ii |||gr||||Z||||||eng | ||
| 020 | _a9780198084563 | ||
| 040 | _cMAIN | ||
| 041 | _aeng | ||
| 082 | _a004 | ||
| 100 |
_aPradip Dey, _eAuthor. |
||
| 245 |
_aComputer fundamentals and programming in c _cBy Pradip Dey and Manas Ghosh |
||
| 250 | _a4th imp. | ||
| 260 |
_aNew Delhi: _bOxford university press, _c2017. |
||
| 300 | _a479p. | ||
| 653 | _aData processing & computer science | ||
| 700 |
_aManas Ghosh, _eAuthor. |
||
| 942 | _cBK | ||
| 999 |
_c10422 _d10422 |
||